Music Quiz

Random Music or Artist Quiz
Score 0/45 Timer 07:00
0 Plays Today
Placed Artist % Correct
WINNER!Ice Cube
100%
Runner-upEminem
85.7%
3rdRakim
57.1%
4thImmortal Technique
57.1%
5thBig L
57.1%
6thDMX
57.1%
7thKrs-One
57.1%
8thEazy-E
57.1%
9thRedman
57.1%
10thMethod Man
57.1%
11thOl' Dirty Bastard
57.1%
13thNas
57.1%
14thRoyce Da 5'9
57.1%
15thNate Dogg
57.1%
17thThe Notorious B.I.G.
57.1%
18th2Pac
57.1%
19thSnoop Dogg
57.1%
20thLL Cool J
57.1%
21stThe Game
57.1%
22ndProdigy
57.1%
23rdHavoc
57.1%
24thMC Ren
57.1%
26thWarren G
57.1%
Placed Artist % Correct
27thDr. Dre
57.1%
28thProof
57.1%
29thCrooked I
57.1%
30thTreach
57.1%
31stCoolio
57.1%
32ndBizarre
57.1%
33rdHopsin
57.1%
34thSwizZz
57.1%
35thYaki Kadafi
57.1%
36th50 Cent
57.1%
37thBig Pun
57.1%
38thShaggy 2 Dope
57.1%
39thThe Jokerr
57.1%
40thMos Def
57.1%
41stViolent J
57.1%
42ndYelawolf
57.1%
43rdTwista
57.1%
44thJay-Z
57.1%
LastKanye West
57.1%
12thJ Dilla
42.9%
16thXzibit
42.9%
25thBizzy Bone
42.9%
Remove Ads.
Support Sporcle.
Get the best of Sporcle when you Go Orange. This ad-free experience offers more features, more stats, and more fun while also helping to support Sporcle. Thank you for becoming a member.

You're not logged in!

Compare scores with friends on all Sporcle quizzes.
OR
Log In

Show Comments

Extras

Created Dec 13, 2014ReportNominate
Tags:Artist Quiz, Placed

Top Quizzes Today


Score Distribution

Your Account Isn't Verified!

In order to create a playlist on Sporcle, you need to verify the email address you used during registration. Go to your Sporcle Settings to finish the process.

Report this User

Report this user for behavior that violates our Community Guidelines.

Details: